| 000 | 00510nam a2200181Ia 4500 | ||
|---|---|---|---|
| 999 |
_c8067 _d8067 |
||
| 003 | OSt | ||
| 005 | 20200113135133.0 | ||
| 008 | 190216s9999||||xx |||||||||||||| ||und|| | ||
| 020 | _a9789350845288 | ||
| 040 | _coclc | ||
| 082 |
_a332.1 _bSAR/M |
||
| 100 |
_aSaran D K _91143 |
||
| 245 | 0 |
_aMoney-Banking And Finance / _cD K Saran |
|
| 260 |
_bCentrum Press, _c2014. _aNew Delhi: |
||
| 300 | _a296p | ||
| 650 |
_aMoney-Banking _xEconomics |
||
| 942 |
_cBK _2ddc _h332.1 _iSAR/M _k332.1 _mSAR/M |
||